000 00513nam a2200181Ia 4500
999 _c28107
_d28107
003 OSt
005 20201204121806.0
008 190216s9999||||xx |||||||||||||| ||und||
020 _a817180764
040 _coclc
082 _a894.8124
_bKHA/Y
100 _aKhader, U A
_96773
245 0 _aYathrayile Podippum Thongalum /
_cU A Khader
260 _bPoorna Publications,
_aKozhikode:
_c2000.
300 _a86p
650 _aLekhanam
942 _cBK
_2ddc
_h894.8124
_iKHA/Y
_k894.8124
_mKHA/Y